000 00620nam a2200229Ia 4500
003 OSt
005 20221006164754.0
006 a|||||r|||| 00| 0
007 ta
008 221006b |||||||| |||| 00| 0 eng d
024 _a112
037 _cTextual
040 _aFML
_cFML
_beng
041 _2eng
_aeng
082 _aNS44k, 111N5
100 _aBose Mandakranta Au.
_9155750
245 0 _aThe Dance Vocabulory Of Classical India
260 _aDelhi
_bSatyam Publication
_c1995
300 _a305
_ccm.
942 _hNS44k, 111N5
_cTEXL
_2CC
999 _c1118414
_d1118414